[Event "ROM-ch (Women)"]
[Site "Eforie Nord"]
[Date "2024.02.24"]
[Round "1"]
[White "Aldea, Maria Antonia"]
[Black "Cosma, Elena Luminita"]
[Result "1/2-1/2"]
[WhiteElo "1738"]
[BlackElo "2238"]
[PlyCount "83"]
[EventDate "2024.02.24"]
[EventType "swiss"]
[EventRounds "9"]
[EventCountry "ROU"]
[SourceTitle "CB10_2024"]
[SourceDate "2024.03.06"]
[SourceVersion "1"]
[SourceVersionDate "2024.03.06"]
[SourceQuality "1"]

1. Nf3 d5 2. g3 Nf6 3. Bg2 e6 4. d4 b5 5. a4 b4 6. c4 bxc3 7. Nxc3 a5 8. Bf4 Bd6 9. Rc1 0-0 10. 0-0 Bxf4 11. gxf4 Ba6 12. Re1 c6 13. Ne5 Qb6 14. Rc2 Ra7 15. Kh1 Rc7 16. e3 c5 17. dxc5 Rxc5 18. Rg1 Rcc8 19. Rd2 Rcd8 20. Bf3 g6 21. h4 d4 22. exd4 Bb7 23. Bxb7 Qxb7+ 24. Kh2 Kh8 25. Qe2 Nh5 26. Qe3 Qe7 27. Kh3 Qf6 28. Ne2 Nd7 29. Nxd7 Rxd7 30. Rg5 Qd8 31. Qc3 Rd5 32. Rxd5 Qxd5 33. Kh2 Kg8 34. Qe3 Qd8 35. Kh3 Qd7 36. b3 e5+ 37. Kh2 exf4 38. Qf3 Qe7 39. Kh3 Qe6+ 40. Kg2 Qf6 41. Kh3 Qf5+ 42. Kg2 1/2-1/2

[Event "Wch U14 Girls"]
[Site "Mamaia"]
[Date "2022.09.14"]
[Round "9"]
[White "Aldea, Maria Antonia"]
[Black "Seemann, Pola"]
[Result "0-1"]
[WhiteElo "1715"]
[BlackElo "1635"]
[PlyCount "134"]
[EventDate "2022.09.06"]
[EventType "swiss"]
[EventRounds "11"]
[EventCountry "ROU"]
[SourceTitle "CBM 210 Extra"]
[Source "ChessBase"]
[SourceDate "2022.11.30"]
[SourceVersion "1"]
[SourceVersionDate "2022.11.30"]
[SourceQuality "1"]

1. e4 e5 2. Nc3 Nf6 3. f4 d5 4. fxe5 Nxe4 5. Nf3 Bc5 6. d4 Bb4 7. Qd3 c6 8. a3 Bxc3+ 9. bxc3 0-0 10. Be2 Bf5 11. Qe3 Nd7 12. 0-0 f6 13. exf6 Qxf6 14. Nd2 Qg6 15. Nxe4 Bxe4 16. Qg5 Qe6 17. Bd2 Bxc2 18. Bg4 Qe8 19. Rae1 Be4 20. Rxf8+ Kxf8 21. Rf1+ Kg8 22. h4 h6 23. Bxd7 Qxd7 24. Qg3 Qe6 25. h5 Rf8 26. Rf4 Rxf4 27. Bxf4 Kh7 28. Be5 Qe7 29. Qg4 Qf7 30. Kh2 Bf5 31. Qh4 Qd7 32. Qg3 Bg4 33. Qd3+ Kg8 34. Qg6 Bf5 35. Qd6 Qxd6 36. Bxd6 Bg4 37. Bb8 a6 38. Kg3 Bxh5 39. Kf4 Kf7 40. g4 g5+ 41. Kg3 Bg6 42. Bc7 Ke6 43. Bd8 Bd3 44. Bb6 Kf7 45. a4 Kg6 46. a5 Be2 47. Bd8 h5 48. gxh5+ Bxh5 49. Be7 Kf5 50. Bd8 Be8 51. Be7 Bd7 52. Bd8 g4 53. Be7 Ke4 54. Bf8 Kd3 55. Bb4 Kc4 56. Bc5 Kxc3 57. Bb6 Kc4 58. Bc5 Kb5 59. Bb6 c5 60. Bxc5 Kxa5 61. Ba3 b5 62. Bb2 b4 63. Kf4 Ka4 64. Bc1 b3 65. Bb2 Kb4 66. Kg3 a5 67. Kf4 a4 0-1

[Event "Cap Aurora FISCA op"]
[Site "Cap Aurora"]
[Date "2022.06.24"]
[Round "3"]
[White "Aldea, Maria Antonia"]
[Black "Stegaroiu, Marcel Florian"]
[Result "1/2-1/2"]
[WhiteElo "1655"]
[BlackElo "1917"]
[PlyCount "62"]
[EventDate "2022.06.22"]
[EventType "swiss"]
[EventRounds "9"]
[EventCountry "ROU"]
[SourceTitle "EXT 2023"]
[Source "ChessBase"]
[SourceDate "2022.10.05"]
[SourceVersion "1"]
[SourceVersionDate "2022.10.05"]
[SourceQuality "1"]

1. d4 f5 2. Nf3 Nf6 3. g3 g6 4. Bg2 Bg7 5. 0-0 0-0 6. b3 c5 7. c4 cxd4 8. Nxd4 Nc6 9. Bb2 a6 10. Nc2 Qc7 11. Ne3 e6 12. c5 Rf7 13. Nc4 Ne8 14. Bxg7 Rxg7 15. Nba3 Nb4 16. Qd4 Nc6 17. Qd2 Rb8 18. Rac1 h5 19. Rfd1 g5 20. Nd6 Nxd6 21. Qxd6 Qxd6 22. Rxd6 Ne5 23. Nc4 Nc6 24. Rcd1 Kf8 25. Nb6 Ke8 26. Bxc6 bxc6 27. Nxc8 Rxc8 28. R1d4 Ra8 29. Rb4 Kd8 30. Rb7 Kc8 31. Rb4 Kc7 1/2-1/2

[Event "ROM-ch blitz (Women)"]
[Site "Bucharest"]
[Date "2022.03.13"]
[Round "1"]
[White "Visanescu, Daria Ioana"]
[Black "Aldea, Maria Antonia"]
[Result "1-0"]
[WhiteElo "1894"]
[BlackElo "1356"]
[PlyCount "55"]
[EventDate "2022.03.13"]
[EventType "swiss (blitz)"]
[EventRounds "9"]
[EventCountry "ROU"]
[SourceTitle "EXT 2023"]
[Source "ChessBase"]
[SourceDate "2022.10.05"]
[SourceVersion "1"]
[SourceVersionDate "2022.10.05"]
[SourceQuality "1"]

1. e4 c5 2. c3 d5 3. exd5 Qxd5 4. Nf3 Nf6 5. d4 e6 6. Be3 cxd4 7. cxd4 Be7 8. Nc3 Qd8 9. Bd3 0-0 10. 0-0 Nc6 11. Rc1 a6 12. Bb1 Nb4 13. a3 Nbd5 14. Qd3 g6 15. Bh6 Re8 16. Rfd1 Bf8 17. Bg5 Bg7 18. Ne5 h6 19. Bh4 Qb6 20. Nxd5 Nxd5 21. Nxf7 Kxf7 22. Qxg6+ Kf8 23. Rd3 Qxb2 24. Rf3+ Nf6 25. Rc7 Re7 26. Bxf6 Bxf6 27. Rxf6+ Rf7 28. Qxf7# 1-0

[Event "EU-ch Hybrid U12 Girls"]
[Site "Tornelo INT"]
[Date "2021.10.15"]
[Round "4"]
[White "Aldea, Maria Antonia"]
[Black "Khvadagiani, Kristine"]
[Result "1-0"]
[WhiteElo "1593"]
[BlackElo "1357"]
[PlyCount "95"]
[EventDate "2021.10.15"]
[EventType "swiss"]
[EventRounds "9"]
[EventCountry "NET"]
[SourceTitle "EXT 2023"]
[Source "ChessBase"]
[SourceDate "2022.10.05"]
[SourceVersion "1"]
[SourceVersionDate "2022.10.05"]
[SourceQuality "1"]
[WhiteTeam "Romania"]
[BlackTeam "Georgia"]
[WhiteTeamCountry "ROU"]
[BlackTeamCountry "GEO"]

1. d4 Nf6 2. Nf3 e6 3. g3 b6 4. Bg2 Bb7 5. 0-0 d5 6. c4 Be7 7. Nbd2 0-0 8. b3 c5 9. Bb2 Nbd7 10. Rc1 Ne4 11. Ne5 cxd4 12. Bxd4 Nxe5 13. Bxe5 Ba3 14. Rc2 f6 15. Bb2 Bxb2 16. Rxb2 Nc3 17. Qe1 Rb8 18. cxd5 Bxd5 19. e4 Bb7 20. Nc4 Nb5 21. Rd2 Qe7 22. e5 Bxg2 23. Kxg2 f5 24. a4 Nc7 25. Rd6 Nd5 26. Ne3 f4 27. Nxd5 f3+ 28. Kg1 exd5 29. Qd2 Kh8 30. Qxd5 Qg5 31. h4 Qg4 32. Kh2 g5 33. Qd4 Rf4 34. Rd8+ Rxd8 35. Qxd8+ Kg7 36. Qxg5+ Qxg5 37. hxg5 Re4 38. Rc1 Rxe5 39. Rc3 Rxg5 40. Rxf3 Rc5 41. Rd3 Rc7 42. Kg2 a6 43. Rd6 Rb7 44. g4 a5 45. Rd5 Kf6 46. f4 Rc7 47. Rd6+ Kf7 48. Rxb6 1-0

[Event "EU-ch Hybrid U12 Girls"]
[Site "Tornelo INT"]
[Date "2021.10.15"]
[Round "6"]
[White "Aldea, Maria Antonia"]
[Black "Satanovskaia, Evgeniia"]
[Result "0-1"]
[WhiteElo "1593"]
[BlackElo "1709"]
[PlyCount "112"]
[EventDate "2021.10.15"]
[EventType "swiss"]
[EventRounds "9"]
[EventCountry "NET"]
[SourceTitle "EXT 2023"]
[Source "ChessBase"]
[SourceDate "2022.10.05"]
[SourceVersion "1"]
[SourceVersionDate "2022.10.05"]
[SourceQuality "1"]
[WhiteTeam "Romania"]
[BlackTeam "Russia"]
[WhiteTeamCountry "ROU"]
[BlackTeamCountry "RUS"]

1. d4 Nf6 2. Nf3 d5 3. g3 c6 4. Bg2 Bf5 5. 0-0 e6 6. b3 Be7 7. Bb2 0-0 8. Nbd2 Ne4 9. c4 Nd7 10. Rc1 Ndf6 11. Ne5 Qa5 12. Nxe4 Bxe4 13. f3 Bg6 14. Nxg6 hxg6 15. a3 dxc4 16. bxc4 Rfd8 17. Qc2 c5 18. e3 Rac8 19. Qe2 Qa6 20. Rc2 Nd7 21. Ra1 cxd4 22. exd4 Nb6 23. Bf1 Na4 24. Bc1 Rxd4 25. Be3 Rd7 26. Qf2 Bc5 27. Bxc5 Nxc5 28. Qe3 b6 29. Be2 Rcd8 30. Raa2 Qa5 31. Bf1 Rd1 32. Rc3 Na4 33. Rc1 R8d3 34. Qe4 Nc3 35. Rxd1 Rxd1 36. Qa8+ Kh7 37. Rf2 Re1 38. Qf8 Nd1 39. Qd8 Nxf2 40. Qh4+ Qh5 41. Qxh5+ gxh5 42. Kxf2 Ra1 43. Bd3+ g6 44. h4 Rxa3 45. Ke3 a5 46. Kd4 a4 47. Be4 f5 48. Bc6 Ra1 49. Bd7 a3 50. Bxe6 a2 51. c5 Rd1+ 52. Ke5 a1Q+ 53. Kf4 Qd4+ 54. Kg5 Kg7 55. cxb6 Qe3+ 56. f4 Qxg3# 0-1

[Event "Balkan-ch U10 Girls"]
[Site "Tornelo INT"]
[Date "2020.11.01"]
[Round "6"]
[White "Caku, Kler"]
[Black "Aldea, Maria Antonia"]
[Result "1-0"]
[WhiteElo "1199"]
[BlackElo "1103"]
[PlyCount "129"]
[EventDate "2020.10.31"]
[EventType "swiss"]
[EventRounds "7"]
[EventCountry "NET"]
[SourceTitle "EXT 2023"]
[Source "ChessBase"]
[SourceDate "2022.10.05"]
[SourceVersion "1"]
[SourceVersionDate "2022.10.05"]
[SourceQuality "1"]

1. e4 c5 2. Nf3 e6 3. d4 cxd4 4. Nxd4 Nf6 5. Nc3 d6 6. Be2 Be7 7. 0-0 0-0 8. Be3 a6 9. Qd2 Re8 10. f4 Qc7 11. f5 e5 12. Nb3 b5 13. a3 Bb7 14. Bf3 Nbd7 15. Nd5 Nxd5 16. exd5 Nf6 17. Qd3 Bf8 18. Nd2 Rac8 19. c3 Be7 20. Rae1 Nd7 21. h3 Nc5 22. Bxc5 Qxc5+ 23. Kh1 f6 24. Ne4 Qc4 25. Rd1 Qxd3 26. Rxd3 a5 27. Rfd1 Ba6 28. R3d2 Rb8 29. Be2 Bc8 30. g4 Bd7 31. Rc1 Rec8 32. Rdc2 Kf8 33. b4 axb4 34. cxb4 Rd8 35. Rc7 Ra8 36. R1c3 Rab8 37. Ra7 Ke8 38. Rcc7 Bf8 39. Nc3 h6 40. Kg2 Rb6 41. Rcb7 Rxb7 42. Rxb7 Ra8 43. Nxb5 Rc8 44. Rc7 Rxc7 45. Nxc7+ Kd8 46. Ne6+ Ke8 47. b5 Bxe6 48. fxe6 Be7 49. b6 Kd8 50. a4 Kc8 51. a5 Kb7 52. Kf3 Bd8 53. Ke4 Be7 54. Kf5 Bf8 55. Kg6 Be7 56. Kxg7 Bd8 57. Kf7 Kb8 58. e7 Bxe7 59. Kxe7 e4 60. Kxd6 e3 61. Ke7 Kc8 62. d6 Kb8 63. a6 h5 64. d7 f5 65. d8Q# 1-0